| 000 | 00545nam a22002057a 4500 | ||
|---|---|---|---|
| 003 | OSt | ||
| 005 | 20210419073253.0 | ||
| 008 | 201215s1965 ||||| |||| 00| 0 eng d | ||
| 040 |
_aeng _beng _cDLC |
||
| 041 | _aeng | ||
| 080 |
_a821.111 _bS-28 |
||
| 100 |
_9505 _aSayers, L. Dorothy |
||
| 245 |
_aWhose Body _c/ by: Avon Books |
||
| 260 |
_aNew York _bAvon Books _c1965 |
||
| 300 | _a144 p. | ||
| 365 | _b0.6 usd | ||
| 650 | 0 |
_9247 _aEnglish literature |
|
| 653 | _aინგლისური ლიტერატურა | ||
| 942 |
_2udc _cBK |
||
| 999 |
_c1940 _d1940 |
||